|
|
|
|
| LEADER |
00000nam a22000007a 4500 |
| 005 |
20220719231942.0 |
| 007 |
cr|||| |||| |
| 008 |
220719s2021 es |||||s|||| 00||0 spa d |
| 020 |
|
|
|a 978-84-1122-089-7
|
| 035 |
|
|
|a 36464
|
| 040 |
|
|
|a vLex
|
| 090 |
|
|
|c 13596
|d 13596
|
| 100 |
1 |
|
|a Rodrg̕uez Martn̕ez, Pilar
|
| 245 |
1 |
0 |
|a Cambio de valores en las sociedades del siglo XXI
|h [Recurso electrn̤ico] /
|c Pilar Rodrg̕uez Martn̕ez
|
| 256 |
|
|
|a Servicio en ln̕ea
|
| 260 |
|
|
|a Madrid:
|b Dykinson,
|c 2021
|
| 300 |
|
|
|a 1 recurso electrn̤ico
|
| 500 |
|
|
|a Este libro aborda los valores usando las herramientas y conceptos propios de la Sociologa̕, las Ciencias de la Comunicacin̤, la Historia de la Educacin̤, el Trabajo Social, la Psicologa̕ y hasta el Derecho. Los primeros tres capt̕ulos tratan sobre la informacin̤/desinformacin̤, los nuevos paradigmas de inteligencia y el concepto de terrorismo. Los siguientes tres capt̕ulos abordan los cambios de valores entorno a las familias, la diversidad sexual y la inteligencia emocional. Se analiza tambiň el significado de la educacin̤ en valores, los conflictos de valores en la legislacin̤ educativa y la mediacin̤ intercultural e interlingus̕tica. El l︢timo capt̕ulo presenta una revisin̤ sistemt̀ica sobre exclusin̤ social basados en la Encuesta Mundial de Valores.
|
| 506 |
1 |
|
|a Disponible solo en los productos indicados
|d vLex Global
|d vLex Global (Academic Edition, excluding Law Schools)
|d vLex Global (U.S. Academic Edition, Law Schools)
|d vLex Global (U.S. Academic Edition, excluding Law Schools)
|d vLex Global (Academic Edition, Law Schools)
|
| 650 |
0 |
4 |
|a Educacin̤
|z Espaą
|
| 650 |
0 |
4 |
|a Derecho Militar
|z Espaą
|
| 650 |
0 |
4 |
|a Filosofa̕ y religin̤
|z Espaą
|
| 740 |
0 |
|
|a vLex Libros (Servicio en ln̕ea)
|
| 856 |
4 |
0 |
|u https://app.vlex.com/#/sources/36464
|z Acceso restringido
|
| 942 |
|
|
|c BOOK
|
| 999 |
0 |
|
|a Education
|
| 999 |
0 |
|
|a Military Law
|
| 999 |
0 |
|
|a Philosophy and religion
|